Statistics for Closest pairs of capitals

Click here to take the quiz!

General Stats

  • This quiz has been taken 202 times
    (105 since last reset)
  • The average score is 20 of 40

Answer Stats

% Correct
3.5EuropeVatican City
94%
3.5EuropeRome
93%
54.8EuropeBratislava
84%
161.3EuropeBratislava
84%
54.8EuropeVienna
84%
161.3EuropeBudapest
72%
20.0AfricaKinshasa
69%
20.0AfricaBrazzaville
66%
117.3EuropeZagreb
62%
117.3EuropeLjubljana
59%
158.3EuropePodgorica
59%
131.1EuropePodgorica
59%
77.1EuropeSkopje
59%
153.0EuropeSkopje
59%
131.1EuropeTirana
58%
153.0EuropeTirana
58%
77.1EuropePristina
56%
158.3EuropePristina
56%
68.5AsiaJerusalem
53%
82.5EuropeTallinn
53%
82.5EuropeHelsinki
52%
68.5AsiaAmman
51%
141.3AsiaDoha
47%
83.4AsiaBeirut
45%
83.4AsiaDamascus
44%
141.3AsiaManama
43%
168.5AfricaDakar
40%
168.5AfricaBanjul
34%
97.9North AmericaKingstown
31%
158.6AfricaLomé
30%
94.5North AmericaSt. John's
29%
150.5North AmericaRoseau
28%
150.5North AmericaCastries
27%
97.9North AmericaCastries
27%
94.5North AmericaBasseterre
26%
153.7AfricaMaputo
23%
153.7AfricaMbabane
23%
158.6AfricaPorto-Novo
21%
136.1AfricaConakry
16%
136.1AfricaFreetown
16%

Score Distribution

Percentile by Number Answered

Percent of People with Each Score

Your Score History

You have not taken this quiz since the last reset